LEADER 00769nlm2 22002539z-450 001 996448446603316 005 20211221104355.0 100 $a20130505c1934---- -u- - 101 0 $aeng 102 $aUS 135 $adrcnu 200 1 $a<<1.:>> <> settlements$fCharles M. Andrews 210 1 $aNew Haven$aLondon$cYale university press$d1934 215 $aTesto elettronico (PDF) (XIV, 551 p. ) 230 $aBase dati testuale 461 $1001996448446703316$a<> colonial period of American history 606 0 $aColonie inglesi$yAmerica settentrionale$xStoria$zSec. 17.-18.$2BNCF 676 $a973.2 700 1$aANDREWS,$bCharles$088584 912 $a996448446603316 959 $aEB 969 $aER 996 $aSettlements$92558331 997 $aUNISA LEADER 02553nam 2200673Ia 450 001 9910172251003321 005 20251116143152.0 010 $a1-134-85074-3 010 $a1-134-85075-1 010 $a1-280-32015-X 010 $a0-203-42529-4 010 $a0-203-30039-4 024 7 $a10.4324/9780203425299 035 $a(CKB)111056485520626 035 $a(EBL)170404 035 $a(OCoLC)560417392 035 $a(SSID)ssj0000104200 035 $a(PQKBManifestationID)11130347 035 $a(PQKBTitleCode)TC0000104200 035 $a(PQKBWorkID)10079484 035 $a(PQKB)11459092 035 $a(MiAaPQ)EBC170404 035 $a(Au-PeEL)EBL170404 035 $a(CaPaEBR)ebr10057233 035 $a(CaONFJC)MIL32015 035 $a(OCoLC)52054680 035 $a(EXLCZ)99111056485520626 100 $a19970416d1997 uy 0 101 0 $aeng 135 $aur|n|---||||| 181 $ctxt 182 $cc 183 $acr 200 10$aAnti-lawyers $ereligion and the critics of law and state /$fDavid Saunders 205 $a1st ed. 210 $aLondon ;$aNew York $cRoutledge$d1997 215 $a1 online resource (196 p.) 300 $aDescription based upon print version of record. 311 08$a1-138-87997-5 311 08$a0-415-10304-5 320 $aIncludes bibliographical references (p. 170-176) and index. 327 $aBook Cover; Title; Contents; Foreword; Acknowledgements; RELIGION BY OTHER MEANS; INVISIBLE AND SPIRITUAL: VISIBLE AND EXTERNAL; CONSCIENCE AND LAW; THE COMMON LAWS CRITICS; THE COMMON LAWS DEFENDERS; RELIGION, LAW AND CIVIL MANNERS; SEPARATION OF POWERS; THE CONFESSIONAL STATE; CONFLICT OF CONFESSIONS; CONFLICT OF FACULTIES; SECTS, LAWS AND RIGHTS; THE LAW TRANSFORMED; THE LAWYER LOST; NOW THAT THE SAINTS ARE MARCHING IN; Notes; Bibliography; Index 330 $aAnti-Lawyers discusses how we should regard todays's critics of law and government in the light of the historical still unfinished struggle to separate the legal regulation of civil life from the Christian regulation of conscience. 606 $aChurch and state 606 $aReligion and law 606 $aFreedom of religion 615 0$aChurch and state. 615 0$aReligion and law. 615 0$aFreedom of religion. 676 $a342/.0852 676 $a344.1 700 $aSaunders$b David$f1940-$01594417 801 0$bMiAaPQ 801 1$bMiAaPQ 801 2$bMiAaPQ 906 $aBOOK 912 $a9910172251003321 996 $aAnti-lawyers$94202113 997 $aUNINA